Statistics for World Cup Winners

Click here to take the quiz!

General Stats

  • This quiz has been taken 27 times
    (11 since last reset)
  • The average score is 7 of 8

Answer Stats

XCountries% Correct
3Argentina
100%
5Brazil
100%
4Germany
100%
2France
89%
4Italy
78%
1Spain
78%
1England
67%
2Uruguay
44%

Score Distribution

Percentile by Number Answered

Percent of People with Each Score

Your Score History

You have not taken this quiz since the last reset